Zavartalan alkotó, gyógyító munkánk biztosítéka a Népfront győzelme Kukán Ferenc egyetemi tanár nyilatkozata

Elmentve itt :
Bibliográfiai részletek
Dokumentumtípus: Cikk
Megjelent: 1953-04-22
Sorozat:Délmagyarország
Kulcsszavak:Kukán Ferenc, Magyar Függetlenségi Népfront Szeged 1953
Online Access:http://dmarchiv.bibl.u-szeged.hu/35110
LEADER 00526nab a2200145 i 4500
001 delm35110
005 20180927112846.0
008 180927s1953 hu o 0|| hun d
040 |a SZTE Délmagyarország Archívum  |b hun 
041 |a hun 
245 0 0 |a Zavartalan alkotó, gyógyító munkánk biztosítéka a Népfront győzelme   |h [elektronikus dokumentum] :  |b Kukán Ferenc egyetemi tanár nyilatkozata 
260 |c 1953-04-22 
300 |a 3 
490 0 |a Délmagyarország 
695 |a Kukán Ferenc, Magyar Függetlenségi Népfront Szeged 1953